=LDR 00000nam 2200000 4500 =001 INLIS000000000052173 =005 20200324074703 =035 ##$$a 0010-0118000361 =007 ta =008 200324################g##########0#ind## =020 ##$$a 978-602-352-021-3 =082 ##$$a 297.355 1 =084 ##$$a 297.355 1 NUR k =100 #$$a Nur Kholis Al-Amin =245 1#$$a Kamuflase dosa : $b Dikira biasa, ternyata berdosa /$c M. Nur Kholis Al Amin; editor, Rantinah Sastra =260 ##$$a Solo :$b AN-Najaa,$c 2017 =300 ##$$a vi, 186 hlm. ; $c 14 x 21 cm. =500 ##$$a Biografi : hlm.186 =650 #4$$a Dosa =700 #$$a Rantinah Sastra =504 ##$$a Bibliografi : hlm 185 =250 ##$$a Cet. 1 =990 ##$$a 21706330 =990 ##$$a 21706329 =990 ##$$a 21706328 =990 ##$$a 21706327 =990 ##$$a 21706326 =990 ##$$a 21706329 =990 ##$$a 21706330 =990 ##$$a 21706328 =990 ##$$a 21706327 =990 ##$$a 21706326